000 01011cam a2200349 a 4500
001 5617
003 FISKH
005 20250827085815.0
008 901016s1991 ilua j 001 0 eng
010 _a 90021647
020 _a0516049119 (lib. bdg.)
020 _a9780516049113
040 _aDLC
_cDLC
_dDLC
_beng
050 _aQP456.F69
082 _a612.8
100 1 _aFowler, Allan.
245 1 0 _aTasting things /
_cby Allan Fowler ; images supplied by Valan Photos.
260 _aChicago :
_bChildrens Press,
_c1991.
300 _a31 pages :
_bcolor illustrations ;
_c19 cm
440 0 _aRookie read-about science
500 _aIncludes index.
505 _aM
520 _aA simple introduction to the sense of taste.
521 8 _a530
_bLexile
521 8 _aM
_bRaz-Plus
650 0 _aTaste
_xJuvenile literature.
650 1 _aTaste.
650 1 _aSenses and sensation.
906 _a7
_bcbc
_corignew
_d1
_eocip
_f19
_gy-gencatlg
942 _2ddc
_cBK
_n0
999 _c5617
_d5617